000 00697cam a22002293a 4500
001 5169
003 PGUSA
005 20140828083114.0
008 040201s2004||||xxu|||||s|||||000 1 eng d
040 _aPGUSA
_beng
042 _adc
050 4 _aPS
100 1 _aRichardson, Major
_q(John),
_d1796-1852
245 1 0 _aHardscrabble; or, the fall of Chicago :
_ba tale of Indian warfare
_h[electronic resource] /
_cMajor Richardson
260 _bProject Gutenberg,
_c2004
506 _aPublic domain in the USA.
516 _aElectronic text
653 _aIndians of North America -- Fiction
830 0 _aProject Gutenberg
_v5169
856 4 0 _uhttp://www.gutenberg.org/ebooks/5169
942 _cEB
999 _c234498
_d234498